Kerala Panineeya Padangal (Record no. 49084)

MARC details
000 -LEADER
fixed length control field 00423nam a2200133Ia 4500
008 - FIXED-LENGTH DATA ELEMENTS--GENERAL INFORMATION
fixed length control field 211109s9999||||xx |||||||||||||| ||und||
082 ## - DEWEY DECIMAL CLASSIFICATION NUMBER
Classification number 494.812
Item number VAS-K
100 ## - MAIN ENTRY--PERSONAL NAME
Personal name Vasudeva Bhattathiri, C V
245 #0 - TITLE STATEMENT
Title Kerala Panineeya Padangal
260 ## - PUBLICATION, DISTRIBUTION, ETC.
Name of publisher, distributor, etc. D c Books
Place of publication, distribution, etc. Kottayam
Date of publication, distribution, etc. 1995
630 ## - SUBJECT ADDED ENTRY--UNIFORM TITLE
General subdivision General stack
650 ## - SUBJECT ADDED ENTRY--TOPICAL TERM
Topical term or geographic name entry element Malayalam Language
942 ## - ADDED ENTRY ELEMENTS (KOHA)
Koha item type BOOK
650 ## - SUBJECT ADDED ENTRY--TOPICAL TERM
Form subdivision Malayalam grammar
General subdivision Altaic, Uralic, Hyperborean & Dravidian Generalia
Holdings
Withdrawn status Lost status Damaged status Not for loan Home library Current library Date acquired Cost, normal purchase price Total Checkouts Full call number Barcode Shelving location Date last seen Price effective from Koha item type
        SB LIBRARY SB LIBRARY 09/11/2021 32.00   494.812 VAS-K 00091218 GENERAL STACK 09/11/2021 09/11/2021 BOOK

Powered by Koha